00337 a2200097 4500001001000000005001700010008004100027245002100068100002300089773012700112ART_2361620260410161932.0260409a 10aBalance general:1 aWajchman, Mauricio0 tRevista de la Facultad de Ciencias Económicas de la Universidad de Cuyog- Año XXIV, Nº 72 (sep./dic. 1972)wREV22981